000 00334nam a22001457a 4500
008 221031b ||||| |||| 00| 0 eng d
020 _a9781138197299
041 _aeng
080 _a51
082 _a51 BOT
100 _a20.1
101 _aMATE
245 _aMATHEMATICS OF PLANNING AND SCHEDULING
_cBOTTLIK P G
942 _2udc
_cBK
999 _c58703
_d58703